Metódy lineárneho usporiadania objektov a ich použitie pri analýze sociálnej situácie vybraných krajín Európskej únie

Charakteristika postavenia krajín Višegradského zoskupenia medzi krajinami pôvodnej "pätnástky" a to na základe vybraných sociálno-demografických ukazovateľov. Porovnanie krajín EÚ15 a V4 sa uskutočnilo na základe hodnôt syntetickej premennej.

Salvato in:
Dettagli Bibliografici
Autore principale: Labudová, Viera, 1958-
Natura: Capitolo di libro
Lingua:slovacco
Soggetti:
Tags: Aggiungi Tag
Nessun Tag, puoi essere il primo ad aggiungerne!!

MARC

LEADER 00000naa$a2200000$$$4500
001 0051045
005 20240502071606.9
041 0 |a slo 
044 |a SK 
245 1 0 |a Metódy lineárneho usporiadania objektov a ich použitie pri analýze sociálnej situácie vybraných krajín Európskej únie  |c Viera Labudová 
520 |a Charakteristika postavenia krajín Višegradského zoskupenia medzi krajinami pôvodnej "pätnástky" a to na základe vybraných sociálno-demografických ukazovateľov. Porovnanie krajín EÚ15 a V4 sa uskutočnilo na základe hodnôt syntetickej premennej. 
610 2 0 |a porovnanie štatistické medzinárodné 
610 2 0 |a modely lineárne 
610 2 0 |a modely nelineárne 
610 2 0 |a situácia sociálna 
610 2 0 |a politika sociálna 
610 2 0 |a Európska únia 
610 2 0 |a Slovensko 
610 2 0 |a Maďarsko 
610 2 0 |a Poľsko 
610 2 0 |a Česko 
610 2 0 |a jednotky výberové 
100 1 |a Labudová, Viera, 1958-